|
|
|
|
| LEADER |
01116nam a22002777a 4500 |
| 001 |
38211 |
| 003 |
BD-DhAAL |
| 005 |
20220324125621.0 |
| 008 |
220324t2010 ii a|||| b||| 001 0 eng d |
| 999 |
|
|
|c 43874
|d 43874
|
| 020 |
|
|
|a 9780670082803
|
| 040 |
|
|
|a BD-DhAAL
|
| 082 |
|
|
|2 22
|a 954.9105/2092
|
| 100 |
|
|
|a Bhutto, Fatima,
|d 1982-
|9 47374
|
| 245 |
|
|
|a Songs of blood and sword :
|b a daughter's memoir /
|c Fatima Bhutto.
|
| 260 |
|
|
|a New Delhi :
|b Viking by Penguin Books India,
|c 2010
|
| 300 |
|
|
|a 470 p., [16] p. of plates :
|b illustrations ;
|c 25 cm.
|
| 541 |
|
|
|a Donated By Akbar Ali Khan
|e 38211
|
| 600 |
|
|
|a Bhutto, Fatima,
|d 1982-
|9 47374
|
| 600 |
|
|
|a Bhutto, Fatima,
|d 1982-
|x Family.
|9 47375
|
| 650 |
|
|
|a Children of politicians.
|9 47376
|
| 651 |
|
|
|a Pakistan
|v Biography.
|9 47377
|
| 651 |
|
|
|a Pakistan
|x Politics and government
|y 1971-1988.
|9 47378
|
| 852 |
|
|
|a Ayesha Abed Library
|c Akbar Ali Khan Collection
|
| 942 |
|
|
|2 ddc
|c BK
|
| 952 |
|
|
|0 0
|1 0
|2 ddc
|4 0
|6 954_910520920000000_BHU
|7 1
|9 70265
|a BRACUL
|b BRACUL
|c AAKC
|d 2022-03-24
|e Donated by Akbar Ali Khan
|l 0
|o 954.91052092 BHU
|p 3010038211
|r 2022-03-24
|t 1
|w 2022-03-24
|y BK
|